Deltas of the world /

Tallennettuna:
Bibliografiset tiedot
Yhteisötekijä: American Society of Civil Engineers
Muut tekijät: Kay, Robert (Robert C.)
Aineistotyyppi: Kirja
Kieli:English
Julkaistu: New York, N.Y. : American Society of Civil Engineers, c1993.
Sarja:Coastlines of the world
Aiheet:
LEADER 01219cam a2200301 a 4500
001 c000224114
003 CARM
005 20061002110550.0
008 930517s1993 nyuab b 101 0 eng
010 |a 93014141 
019 1 |a 10139296  |5 LACONCORD2021 
020 |a 0872629627 
035 |a (OCoLC)28218703  |5 LACONCORD2021 
040 |a LC  |b eng  |c LC  |d LC 
050 0 0 |a GB591  |b .D45 1993 
082 0 0 |a 551.4/56  |2 20 
245 0 0 |a Deltas of the world /  |c volume editor, Robert Kay. 
260 |a New York, N.Y. :  |b American Society of Civil Engineers,  |c c1993. 
300 |a v, 138 p. :  |b ill., maps ;  |c 22 cm-. 
440 0 |a Coastlines of the world 
500 |a Papers presented at Coastal Zone 93, the eighth symposium on Coastal and Ocean Management, held in New Orleans, La., July 19-23,1993. 
504 |a Includes bibliographical references and indexes. 
650 0 |a Deltas  |x Congresses. 
700 1 |a Kay, Robert  |q (Robert C.) 
710 2 |a American Society of Civil Engineers. 
852 8 |b CARM  |h A2:AP05A0  |i B06614  |p 0315527  |f BK 
999 f f |i 184c7fdb-9a00-527b-b0fc-288c2b237c26  |s 22a33d8b-3b1c-5084-a060-1cb603faf0c4 
952 f f |p Can circulate  |a CAVAL  |b CAVAL  |c CAVAL  |d CARM 1 Store  |e B06614  |f A2:AP05A0  |h Other scheme  |i book  |m 0315527